Patient communication for pharmacy : (Record no. 356006)
[ view plain ]
| 000 -LEADER | |
|---|---|
| fixed length control field | 00371nam a2200109Ia 4500 |
| 008 - FIXED-LENGTH DATA ELEMENTS--GENERAL INFORMATION | |
| fixed length control field | 180219s9999 xx 000 0 und d |
| 020 ## - INTERNATIONAL STANDARD BOOK NUMBER | |
| International Standard Book Number | 9781284038880 |
| 100 ## - MAIN ENTRY--PERSONAL NAME | |
| Personal name | Liu, Min |
| 245 ## - TITLE STATEMENT | |
| Statement of responsibility, etc | Butler, Lakesha M. |
| Title | Patient communication for pharmacy : |
| Remainder of title | a case-study approach on theory and practice |
| 260 ## - PUBLICATION, DISTRIBUTION, ETC. (IMPRINT) | |
| Place of publication, distribution, etc | USA : |
| Name of publisher, distributor, etc | Jones & Barlette learning |
| Date of publication, distribution, etc | 2017 |
| 300 ## - PHYSICAL DESCRIPTION | |
| Extent | viii, 207 pages |
| Withdrawn status | Lost status | Damaged status | Home library | Current library | Shelving location | Date acquired | Source of acquisition | Total Checkouts | Total Renewals | Full call number | Barcode | Date last seen | Date checked out | Price effective from | Koha item type |
|---|---|---|---|---|---|---|---|---|---|---|---|---|---|---|---|
| South SEED-LPDH College Library | South SEED-LPDH College Library | South SEED-LPDH College Section | 02/19/2018 | Library Fund | 2 | 12 | RS 56 .L783 2017 | SSLC1666 | 06/11/2024 | 02/20/2024 | 02/19/2018 | Books |